| 000 -LEADER |
| fixed length control field |
00294nam a2200109Ia 4500 |
| 008 - FIXED-LENGTH DATA ELEMENTS--GENERAL INFORMATION |
| fixed length control field |
210107s9999 xx 000 0 und d |
| 100 ## - MAIN ENTRY--PERSONAL NAME |
| Personal name |
Cockroft. A.N. |
| 245 #0 - TITLE STATEMENT |
| Title |
Nichol's Seamanship & Nautical Nautical Knowledge |
| 260 ## - PUBLICATION, DISTRIBUTION, ETC. |
| Place of publication, distribution, etc. |
Glasgow |
| Name of publisher, distributor, etc. |
Brown Son & Ferguson Ltd |
| 300 ## - PHYSICAL DESCRIPTION |
| Extent |
383 |
| 942 ## - ADDED ENTRY ELEMENTS (KOHA) |
| Koha item type |
Books |